|
|
|
|
| LEADER |
00952ncm a22002412a 4500 |
| 001 |
001393974 |
| 003 |
CZ BrMZK |
| 005 |
20140612140003.0 |
| 007 |
qu |
| 008 |
140612q19uu gw ||||| |||||||||||zxx d |
| 040 |
|
|
|a BOA001
|b cze
|
| 072 |
|
7 |
|a 786
|x Hudba pro klávesové nástroje
|2 Konspekt
|9 9
|
| 100 |
1 |
|
|a Bülow, Hans von,
|d 1830-1894
|7 ola2002157992
|4 cmp
|
| 245 |
1 |
0 |
|a Meistersinger quintett
|h [hudebnina] :
|b Die Meistersinger von Nürnberg Richard Wagner : Piano /
|c Paraphrase des Quintets aus dem 3ten. Act von H. v. Büllow
|
| 260 |
|
|
|a Mainz :
|b B. Schott's Söhne,
|c [19--?]
|
| 300 |
|
|
|a 1 partitura (7 s.)
|
| 490 |
1 |
|
|a Edition Schott Einzel-Ausgabe ;
|v 08
|
| 700 |
1 |
|
|a Wagner, Richard,
|d 1813-1883
|7 jn19981002383
|4 ant
|
| 830 |
|
0 |
|a Edition Schott Einzel-Ausgabe
|
| 910 |
|
|
|a BOA001
|b Mus4-0165.000,00008
|
| 990 |
|
|
|a MU
|
| 991 |
|
|
|b 201406
|
| 996 |
6 |
|
|b 2619689082
|c Mus4-0165.000,00008
|l MZK
|r Sklad / do 1 hodiny
|n 0
|w 001429067
|u 000010
|a 1
|e BOA001
|j MZK50
|s P
|